Kraje które należą do unii europejskiej - Statystyki

Ogólne statystyki
  • Ten quiz został rozwiązany 164 razy
  • Średni wynik to 21 z 27
Statystyki odpowiedzi
Odpowiedź % Poprawnych
Polska
98%
Szwecja
92%
Niemcy
91%
Czechy
89%
Hiszpania
89%
Słowacja
88%
Holandia
86%
Belgia
85%
Francja
85%
Portugalia
85%
Słowenia
85%
Włochy
85%
Austria
83%
Litwa
83%
Łotwa
83%
Finlandia
82%
Estonia
80%
Chorwacja
79%
Bułgaria
76%
Luksemburg
76%
Węgry
74%
Dania
73%
Grecja
73%
Rumunia
71%
Irlandia
56%
Malta
52%
Cypr
48%
Nie znaleziono quizów pasujących do podanych kryteriów
Rozkład punktacji
Procent ludzi z każdym wynikiem
Percentyl według liczby udzielonych odpowiedzi
Twoja historia wyników
Nie rozwiązałeś tego quizu